| 000 | 00353nam a2200145Ia 4500 | ||
|---|---|---|---|
| 008 | 230312s9999||||xx |||||||||||||| ||und|| | ||
| 020 | _a0-534-46551-x | ||
| 082 |
_a005.55 _bNAS-D |
||
| 100 | _aVaughan;Tay | ||
| 245 | 0 | _aMultimedia Making it Work | |
| 260 |
_bThomson _aAustralia _c2005 |
||
| 300 | _a323 | ||
| 650 |
_aComputer _vComputer |
||
| 942 | _cBK | ||
| 999 |
_c15435 _d15435 |
||